Normal view MARC view

Entry Término temático

Number of records used in: 2

001 - NÚMERO DE CONTROL

  • campo de control: 23478

003 - IDENTIFICADOR DEL NÚMERO DE CONTROL

  • campo de control: FranzMayer

005 - FECHA Y HORA DE LA ÚLTIMA TRANSACCIÓN

  • campo de control: 20190320210655.0

008 - DATOS DE LONGITUD FIJA

  • campo de control de longitud fija: 190320|| aca||aabn | a|a d

040 ## - FUENTE DE LA CATALOGACIÓN

  • Centro catalogador/agencia de origen: FranzMayer
  • Centro/agencia transcriptor: FranzMayer

150 ## - ENCABEZAMIENTO--TÉRMINO DE MATERIA

  • Término de materia o nombre geográfico como elemento de entrada: Arquitectura indígena

670 ## - FUENTE DE DATOS ENCONTRADOS

  • Cita de la fuente: Work cat.: (FranzMayer): Krickeberg, Walter 1885-1962 23476, Felsplastik und Felsbilder bei den Kulturvölkern Altamerikas, mit besonderer Berücksichtigung Mexicos, 1949-[69]